Carrera de Grau Personal
Descripción Física:
15 pàgs. ; 21 cm
Materias:
Barcelona (Catalunya : Província). -- Diputació -- Funcionaris i empleats
; Barcelona (Catalunya : Província). -- Diputació -- Funcionaris i empleats -- Dret i legislació
; Desenvolupament professional
Idioma:
Catalán
MARC
| LEADER | 00000nam a22000007a 4500 | ||
|---|---|---|---|
| 001 | 28360 | ||
| 003 | AGDB | ||
| 005 | 20260324181520.0 | ||
| 008 | 231127b spa||||| |||| 00| 0 cat d | ||
| 040 | |a agdb |b cat | ||
| 245 | |a Carrera de Grau Personal | ||
| 250 | |a Juliol 1997 | ||
| 260 | |a [Barcelona] : |b Diputació de Barcelona ; |c 1997 | ||
| 300 | |a 15 pàgs. ; |c 21 cm | ||
| 556 | |a Prové de: 201-Escola Universitària d’Enginyeria Tècnica Industrial de Barcelona (EUETIB) (1908-1998) | ||
| 610 | 1 | 0 | |a Barcelona (Catalunya : Província). |b Diputació |x Funcionaris i empleats |9 54684 |
| 610 | 1 | 0 | |9 56154 |a Barcelona (Catalunya : Província). |b Diputació |x Funcionaris i empleats |x Dret i legislació |
| 650 | 0 | |9 17989 |a Desenvolupament professional | |
| 710 | 1 | |9 52859 |a Barcelona (Catalunya : Província). |b Direcció dels Serveis de Recursos Humans | |
| 710 | 1 | |a Barcelona (Catalunya : Província). |b Diputació |9 52408 | |
| 942 | |2 udc |c ARXIU |n 1 | ||
| 952 | |0 0 |1 0 |4 0 |6 FU7630 |7 0 |9 96467 |a Arxiu |b Arxiu |d 2023-11-27 |l 0 |o FU-76-30 |p 28360 |r 2023-11-27 00:00:00 |w 2023-11-27 |y ARXIU | ||
| 999 | |c 128289 |d 128289 | ||